[Event "Konakovo Chervonny op"]
[Site "Konakovo"]
[Date "2014.09.20"]
[Round "8"]
[White "Kovalev, Aleksandr"]
[Black "Bogdanov, Ivan"]
[Result "1-0"]
[WhiteElo "1850"]
[BlackElo "1861"]
[PlyCount "63"]
[EventDate "2014.09.17"]
[EventType "swiss"]
[EventRounds "9"]
[EventCountry "RUS"]
[SourceTitle "CBM 162 Extra"]
[Source "ChessBase"]
[SourceDate "2014.10.17"]
[SourceVersion "1"]
[SourceVersionDate "2014.10.17"]
[SourceQuality "1"]

1. e4 e5 2. Nf3 Nc6 3. Bc4 Nf6 4. d3 Be7 5. Nc3 d6 6. h3 Be6 7. 0-0 Qd7 8. Bb5 0-0 9. d4 exd4 10. Nxd4 a6 11. Bxc6 bxc6 12. f4 Bc4 13. Re1 a5 14. b3 Ba6 15. Bb2 Ne8 16. Nf5 Bf6 17. Qg4 Bc8 18. Rad1 g6 19. Qg3 Qd8 20. Nh6+ Kh8 21. Ng4 Bg7 22. Ba3 Rg8 23. e5 d5 24. Ne4 Be6 25. Ng5 h5 26. Qh4 Bf8 27. f5 Bxa3 28. fxe6 Bc5+ 29. Kh1 Rg7 30. exf7 Be7 31. fxe8Q+ Qxe8 32. Nf6 1-0